000 00318nam a22001217a 4500
008 240430b |||||||| |||| 00| 0 eng d
020 _a978-81-894-11-13-8
100 _aR. M. Jalnekar & J.S. Chitode
245 _aNetwork Analysis and Synthesis
260 _aPune
_bTechnical
_c2009
300 _a853
942 _2ddc
_cBK
999 _c20619
_d20619